000 00786nam a22002057a 4500
999 _c3613
_d3613
003 AR-CdUCM
008 190306b ||||| |||| 00| 0 spa d
040 _aMUNICIPALIDAD PROVINCIAL DEL CUSCO
_cBIBLIOTECA MUNICIPAL DEL CUSCO
082 _a343.8 /
_bT82
245 _aTributacion :
_bLegislación,jurisprudencia y comentarios /
260 _aTrujillo :
_bEdit. Normas legales,
_c1988.
300 _a539 paginas ;
_c23 cm.
505 _aContenido :Actividades productivas --Actividades de servicio --Zonas geográficas --Formas asociativas --Regímenes varios --Jurisprudencia /
650 _aDerecho tributario
_96680
650 _aLegislación
_92962
650 _aTributacion
_98355
700 _aLuis Santa Maria Caderon (director)
_911805
942 _2ddc
_cLIBROS
945 _arjall